National geographic kids almanac 2014/ (Record no. 6009)
[ view plain ]
| 000 -LEADER | |
|---|---|
| fixed length control field | 00383nam a22001337a 4500 |
| 003 - CONTROL NUMBER IDENTIFIER | |
| control field | OSt |
| 005 - DATE AND TIME OF LATEST TRANSACTION | |
| control field | 20251121143321.0 |
| 008 - FIXED-LENGTH DATA ELEMENTS--GENERAL INFORMATION | |
| fixed length control field | 251121b |||||||| |||| 00| 0 eng d |
| 020 ## - INTERNATIONAL STANDARD BOOK NUMBER | |
| International Standard Book Number | 978-1-4263-1121-5 |
| 040 ## - CATALOGING SOURCE | |
| Original cataloging agency | DWC-Main lib. |
| Transcribing agency | OC |
| 245 ## - TITLE STATEMENT | |
| Title | National geographic kids almanac 2014/ |
| 260 ## - PUBLICATION, DISTRIBUTION, ETC. | |
| Place of publication, distribution, etc. | Washington, DC : |
| Name of publisher, distributor, etc. | National Geographic Society, |
| Date of publication, distribution, etc. | c2014. |
| 942 ## - ADDED ENTRY ELEMENTS (KOHA) | |
| Source of classification or shelving scheme | Dewey Decimal Classification |
| Koha item type | General Reference |
| Classification part | GR. |
| Suppress in OPAC | No |
| 952 ## - LOCATION AND ITEM INFORMATION (KOHA) | |
| -- | |
| 952 ## - LOCATION AND ITEM INFORMATION (KOHA) | |
| -- | |
| 952 ## - LOCATION AND ITEM INFORMATION (KOHA) | |
| -- | |
| 952 ## - LOCATION AND ITEM INFORMATION (KOHA) | |
| -- | |
| Withdrawn status | Lost status | Source of classification or shelving scheme | Damaged status | Not for loan | Home library | Current library | Shelving location | Date acquired | Source of acquisition | Total Checkouts | Full call number | Barcode | Date last seen | Copy number | Price effective from | Koha item type | Uniform Resource Identifier |
|---|---|---|---|---|---|---|---|---|---|---|---|---|---|---|---|---|---|
| Dewey Decimal Classification | College Library | College Library | General Reference | 04/11/2014 | School Fund | GR. 030 N277 2013 | CL50712 | 11/21/2025 | c1 | 11/21/2025 | GR | ||||||
| Dewey Decimal Classification | College Library | College Library | General Reference | 04/11/2014 | School Fund | GR. 030 N277 2013 | CL50714 | 11/21/2025 | c2 | 11/21/2025 | GR | ||||||
| Dewey Decimal Classification | College Library | College Library | General Reference | 04/11/2014 | School Fund | GR. 030 N277 2013 | CL50715 | 11/21/2025 | c3 | 11/21/2025 | GR | ||||||
| Dewey Decimal Classification | College Library | College Library | General Reference | 04/11/2014 | School Fund | GR. 030 N277 2013 | CL50716 | 11/21/2025 | c4 | 11/21/2025 | GR |